00563nam a2200241Ia 450000500170000000800460001702000180006303700070008104000080008804000080009604000080010404100080011204100080012008400120012808400080014010000200014824500700016824500200023826000140025826000310027226000090030330000090031220260401122405.0008 250103s9999 xx 000 0 eng d a9780511160738 aTB aEDL beng cEDL 2eng aeng a194 MAR qEDL aMarks, Jonathan 0aPerfection and Disharmony in the Thought of Jean-Jacques Rousseau 0cMarks, Jonathan aCambridge bCambridge University Press c2005 a191p